Statistics for Random American Country to Capital

Click here to take the quiz!

General Stats

  • This quiz has been taken 691 times
  • The average score is 10 of 12

Answer Stats

HintAnswer% Correct
ParaguayAsuncion
100%
BrazilBrasilia
100%
ArgentinaBuenos Aires
100%
VenezuelaCaracas
100%
GuatemalaGuatemala City
100%
CubaHavana
100%
BoliviaLa Paz and/or Sucre
100%
MexicoMexico City
100%
UruguayMontevideo
100%
CanadaOttawa
100%
Trinidad and TobagoPort of Spain
100%
EcuadorQuito
100%
El SalvadorSan Salvador
100%
ChileSantiago
100%
Dominican RepublicSanto Domingo
100%
United StatesWashington D.C.
100%
BelizeBelmopan
92%
ColombiaBogota
91%
PanamaPanama City
91%
JamaicaKingston
89%
PeruLima
86%
BarbadosBridgetown
83%
GuyanaGeorgetown
83%
HaitiPort-au-Prince
83%
Costa RicaSan Jose
83%
HondurasTegucigalpa
83%
Antigua and BarbudaSt John's
80%
St Vincent and the GrenadinesKingstown
75%
DominicaRoseau
71%
NicaraguaManagua
67%
SurinameParamaribo
64%
St LuciaCastries
63%
The BahamasNassau
50%
GrenadaSt George's
50%
St Kitts and NevisBasseterre
40%

Score Distribution

Percentile by Number Answered

Percent of People with Each Score

Your Score History

You have not taken this quiz